Sports Quiz

Random Sports or Football Quiz

Rugby League: Dally M Awards 1980-1999 Quiz Stats

 Plays Quiz not verified by Sporcle

Score 0/264 Timer 20:00
0 Plays Today
Year Player % Correct
1980Mick Cronin
75%
1980John Lang
75%
1980Roy Masters
75%
1981Mick Cronin
75%
1981Ray Price
75%
1982Ray Price
75%
1982Ray Price
75%
1982Wally Lewis
75%
1982Jack Gibson
75%
1983Terry Lamb
75%
1983Mick Cronin
75%
1983Terry Lamb
75%
1983Peter Sterling
75%
1983Ray Price
75%
1984Terry Lamb
75%
1984Peter Sterling
75%
1984Steve Roach
75%
1984Ray Price
75%
1984Wally Lewis
75%
1984Greg Alexander
75%
1985Greg Alexander
75%
1985Garry Jack
75%
1985John Ferguson
75%
1985Greg Alexander
75%
1985Ben Elias
75%
1985Ray Price
75%
1985Garry Jack
75%
1985Roy Masters
75%
1986Peter Sterling
75%
1986Garry Jack
75%
1986Terry Lamb
75%
1986Peter Sterling
75%
1986Steve Roach
75%
1986Ray Price
75%
1986Paul Sironen
75%
1986Ray Price
75%
1987Peter Sterling
75%
1987Gary Belcher
75%
1987Terry Lamb
75%
1987Peter Sterling
75%
1987Ian Roberts
75%
1987Wayne Pearce
75%
1987Wayne Bennett and Don Furner
75%
1988Gavin Miller
75%
1988Garry Jack
75%
1988John Ferguson
75%
1988Wally Lewis
75%
1988Allan Langer
75%
1988Ben Elias
75%
1988Gavin Miller
75%
1988Wayne Pearce
75%
1988Wally Lewis
75%
1989Gavin Miller
75%
1989Gary Belcher
75%
1989Greg Alexander
75%
1989Kerrod Walters
75%
1989Steve Roach
75%
1989Gavin Miller
75%
1989Bradley Clyde
75%
1989Mal Meninga
75%
1989Mario Fenech
75%
1990Cliff Lyons
75%
1990Gary Belcher
75%
1990Mal Meninga
75%
1990Cliff Lyons
75%
1990Ricky Stuart
75%
1990Kerrod Walters
75%
1990Paul Sironen
75%
1990Bradley Clyde
75%
1990Gary Belcher
75%
1991Mal Meninga
75%
1991Terry Lamb
75%
1991Greg Alexander
75%
1991Steve Walters
75%
1991John Cartwright
75%
1991Allan Langer
75%
1991Mal Meninga
75%
1992Brad Fittler
75%
1992Terry Lamb
75%
1992Ben Elias
75%
1992Glenn Lazarus
75%
1992John Cartwright
75%
1992Bradley Clyde
75%
1993Ricky Stuart
75%
1993Noa Nadruku
75%
1993Brad Fittler
75%
1993Terry Lamb
75%
1993Ricky Stuart
75%
Year Player % Correct
1993Steve Walters
75%
1993Ian Roberts
75%
1993Paul Sironen
75%
1993Chris Anderson
75%
1994Cliff Lyons
75%
1994Brett Mullins
75%
1994Daryl Halligan
75%
1994Andrew Ettingshausen
75%
1994Cliff Lyons
75%
1994Allan Langer
75%
1994Ian Roberts
75%
1994Steve Menzies
75%
1994Brad Fittler
75%
1994Ben Elias
75%
1994Steve Menzies
75%
1994Mal Meninga
75%
1995Laurie Daley
75%
1995Matthew Ridge
75%
1995Laurie Daley
75%
1995Andrew Johns
75%
1995Steve Walters
75%
1995Steve Menzies
75%
1995John Lang
75%
1996Allan Langer
75%
1996Tim Brasher
75%
1996Noa Nadruku
75%
1996Andrew Ettingshausen
75%
1996Laurie Daley
75%
1996Allan Langer
75%
1996Laurie Daley
75%
1998Andrew Johns
75%
1998Darren Lockyer
75%
1998Marcus Bai
75%
1998Darren Smith
75%
1998Brad Fittler
75%
1998Andrew Johns
75%
1998Jason Hetherington
75%
1998Steve Menzies
75%
1998Allan Langer
75%
1998Jason Taylor
75%
1998Chris Anderson
75%
1999Andrew Johns
75%
1999David Peachey
75%
1999Ryan Girdler
75%
1999Brad Fittler
75%
1999Andrew Johns
75%
1999Geoff Toovey
75%
1999Gorden Tallis
75%
1999Jason Smith
75%
1999Brad Fittler
75%
1999John Lang
75%
1980Kevin Hastings
50%
1980Craig Young
50%
1981Steve Rogers
50%
1981Kevin Hastings
50%
1981Mark Graham
50%
1981Steve Rogers
50%
1981Steve Rogers
50%
1982Steve Ella
50%
1982Kevin Hastings
50%
1982Mark Graham
50%
1982Max Krilich
50%
1983Graham Eadie
50%
1983Kerry Boustead
50%
1983Paul Vautin
50%
1983Paul Vautin
50%
1984Michael Potter
50%
1984Michael Potter
50%
1984Steve Ella
50%
1984Royce Simmons
50%
1984Royce Simmons
50%
1984Tim Sheens
50%
1985Steve Ella
50%
1985Craig Young
50%
1986Michael O'Connor
50%
1986Mal Cochrane
50%
1987Michael O'Connor
50%
1987Mal Cochrane
50%
1987Paul Vautin
50%
1988Michael O'Connor
50%
1989Michael Hancock
50%
1990Tim Sheens
50%
1991Michael Potter
50%
1991Michael Potter
50%
1991Rod Wishart
50%
1991Des Hasler
50%
1991Warren Ryan
50%
1992Michael Potter
50%
Year Player % Correct
1992Willie Carne
50%
1993Jim Dymock
50%
1993Michael Potter
50%
1995Jim Dymock
50%
1995Mathew Rogers
50%
1996Paul Harragon
50%
1996Jim Dymock
50%
1996David Waite
50%
1998Dean Pay
50%
1998Tawera Nikau
50%
1998Mark McLinden
50%
1999Nathan Blacklock
50%
1999Mathew Rogers
50%
1980Robert Laurie
25%
1980Robert Laurie
25%
1980Nathan Gibbs
25%
1980Jim Leis
25%
1980Tom Raudonikis
25%
1980Jim Leis
25%
1980Royce Ayliffe
25%
1981Greg Brentnall
25%
1981Dane Sorensen
25%
1981Bob Fulton
25%
1982Greg Brentnall
25%
1982Mitchell Cox
25%
1982Don McKinnon
25%
1982Phil Blake
25%
1983Dave Brown
25%
1983Bob Fulton
25%
1984Steve Morris
25%
1984Noel Cleal
25%
1985Peter Wynn
25%
1985David Hatch
25%
1986Les Kiss
25%
1986Noel Cleal
25%
1986Brett Kenny
25%
1986George Piggins
25%
1987Steve Morris
25%
1987Hugh McGahan
25%
1987Dale Shearer
25%
1988Sam Backo
25%
1988Cameron Blair
25%
1988David Hatch
25%
1988Phil Gould
25%
1989Phil Blake
25%
1989Jim Serdaris
25%
1989George Piggins
25%
1990Ashley Gordon
25%
1990Martin Bella
25%
1990Jason Martin
25%
1990Gene Miles
25%
1991Craig Salvatori
25%
1992Gary Freeman
25%
1992Gary Freeman
25%
1992Ian Russell
25%
1992Matthew Rodwell
25%
1992Michael Beattie
25%
1992Graham Murray
25%
1993Rod Silva
25%
1993Bob Lindner
25%
1993Jack Elsegood
25%
1994Jim Serdaris
25%
1994Peter Louis
25%
1995Sean Hoppe
25%
1995Jamie Ainscough
25%
1995Danny Lee
25%
1995Paul Langmack
25%
1996Jim Serdaris
25%
1996David Fairleigh
25%
1999Matt Parsons
25%
1980Brian Johnson
0%
1980John Ribot
0%
1981Terry Fahey
0%
1981Mick Pattison
0%
1981Jeff Masterman
0%
1981Jeff Masterman
0%
1982John Ribot
0%
1982John Gray
0%
1983Billy Johnstone
0%
1983David Liddiard
0%
1983Alan Thompson
0%
1985Neil Baker
0%
1985Steve Linnane
0%
1987Alan Wilson
0%
1989Tony Currie
0%
1991Will Robinson
0%
1996Glenn Morrison
0%
1999Michael Vella
0%

You're not logged in!

Compare scores with friends on all Sporcle quizzes.
OR
Log In

Sporcle TV

Today on Sporcle TV


Watch our educational content, quiz creation guides, and fun videos on Sporcle TV.

Show Comments

Extras

Top Quizzes Today


Score Distribution

Your Account Isn't Verified!

In order to create a playlist on Sporcle, you need to verify the email address you used during registration. Go to your Sporcle Settings to finish the process.

Report this User

Report this user for behavior that violates our Community Guidelines.

Details: